000 00324nam a2200133Ia 4500
005 20260328104329.0
008 260328s9999||||xx |||||||||||||| ||und||
100 _aFischer, Joachim
245 0 _aConcrete, Hormigón, Betao /
_cJoachim Fischer
260 _bFullmann
300 _a287 p.
650 _aCONCRETO
942 _cBK
999 _c11636
_d11636